000 00532nam a2200193 i 4500
001 147040
003 ES-MaACL
005 20230906201758.0
007 t|
008 070920s1961 sp ||||1| spa d
080 _a621.314.7
100 1 _aDarkness, R. J.
_942731
245 1 0 _a1023 circuitos con transistores /
_cR.J. de Darkness [seud.].
250 _a1ยช ed.
260 _aBarcelona :
_bBruguera,
_c1961.
300 _a224 p. :
_bil. ;
_c19 cm.
650 1 4 _aTransistores.
_917626
852 _aES-MaACL
_jC-20168
_bR.48018
999 _c147040
_d147040